| 000 | 00367nam a2200133Ia 4500 | ||
|---|---|---|---|
| 005 | 20260326235451.0 | ||
| 008 | 260326s9999||||xx |||||||||||||| ||und|| | ||
| 100 | _aFajardo M, Darío | ||
| 245 | 0 |
_aHaciendas, campesinos y políticas agrarias en Colombia 1920-1980 / _cDarío Fajardo M |
|
| 260 | _bOveja Negra | ||
| 300 | _a167 p. | ||
| 650 | _aCOLOMBIA | ||
| 942 | _cBK | ||
| 999 |
_c7778 _d7778 |
||